00575nam a22001577a 4500008004100000040005500041080002000096100001900116245003200135260005300167300001000220650001200230942001200242999001700254952014600271230321b |||||||| |||| 00| 0 eng d aNational Science LibrarycNational Science Library a311.2.001.7bK8 aBachi, Roberto aGraphical rational patterns aNew York: bIsrael Universities Press, c1968 a243p. aScience 2udccBK c48086d48086 00102udc40631120017_K870973685aNSLbNSLcGF/Ref/Rk-1/C-1/R-3d2023-06-28l0o311.2.001.7 K8p35184r2023-06-28 00:00:00w2023-06-28yBK